[Event "Corsico op"]
[Site "Corsico"]
[Date "1996.??.??"]
[Round "3"]
[White "Marchio, Enrico"]
[Black "Barlocco, Carlo"]
[Result "1-0"]
[WhiteElo "2270"]
[BlackElo "2195"]

1.Nf3 d5 2.c4 c6 3.d4 Nf6 4.Nc3 a6 5.a4 Bf5 6.Qb3 b6 7.Bg5 e6 8.e3 Be7 9.Nh4 Bg6
10.Nxg6 hxg6 11.Be2 Nbd7 12.O-O Qc7 13.g3 Qd6 14.Rfc1 Nh5 15.Bxe7 Kxe7 16.cxd5 exd5
17.e4 Nhf6 18.e5 Qe6 19.exf6+ Nxf6 20.Bf1 Qf5 21.Qc2 Qh5 22.Qe2+  1-0

[Event "CZE-chT 9596"]
[Site "?"]
[Date "1996.??.??"]
[Round "5"]
[White "Znamenacek, Kvetoslav"]
[Black "Slezka, Vojtech"]
[Result "0-1"]
[WhiteElo "2315"]
[BlackElo "2320"]

1.Nf3 d5 2.c4 e6 3.g3 Nf6 4.b3 Be7 5.Bb2 O-O 6.Bg2 Nbd7 7.O-O c5 8.cxd5 exd5
9.d4 b6 10.Nc3 Bb7 11.Nh4 Re8 12.Nf5 Bf8 13.dxc5 Nxc5 14.Qd4 Nce4 15.e3 Bc5
16.Qd3 Qc8 17.Nd4 Ba6 18.Ncb5 Qd7 19.a4 Rac8 20.Rad1 Rcd8 21.Rfe1 h5 22.Re2 h4
23.Rc2 hxg3 24.hxg3 Ng4 25.b4 Bd6 26.Bc1 Bxb4 27.Nc6 Ngxf2 28.Rxf2 Nxf2 29.Kxf2 Qxc6
30.Bxd5 Qf6+ 31.Kg2 Bb7 32.e4 Bxd5 33.exd5 Qe5 34.Bf4 Qb2+ 35.Kf3 Bc5 36.Rd2 Qf6
37.Re2 Rxe2 38.Kxe2 Re8+ 39.Kd2 Qb2+ 40.Kd1 Qa1+ 41.Kc2 Qxa4+  0-1

[Event "CZE-chT 9596"]
[Site "?"]
[Date "1996.??.??"]
[Round "7"]
[White "Znamenacek, Kvetoslav"]
[Black "Vanek, Petr"]
[Result "1/2-1/2"]
[WhiteElo "2315"]
[BlackElo "2220"]

1.Nf3 d5 2.c4 e6 3.b3 Nf6 4.g3 Be7 5.Bg2 O-O 6.O-O c5 7.Bb2 Nc6 8.e3 Qb6
9.d3 Bd7 10.Qe2 d4 11.exd4 cxd4 12.Nbd2 Bd6 13.a3 a5 14.Rac1 h6 15.Rc2 Rfe8
16.Rfc1 Bc5 17.Ne5 Nxe5 18.Qxe5 Bc6 19.b4 axb4 20.axb4 Qxb4 21.Bxd4 Bxd4
22.Qxd4 Red8 23.Qc3 Qxc3 24.Rxc3 Bxg2 25.Kxg2 Ra2 26.Rd1 Nd7 27.h3 Ne5 28.Nf3 Nxf3
29.Kxf3 e5  1/2-1/2

[Event "CZE-chT2a 9596"]
[Site "CZE"]
[Date "1996.??.??"]
[Round "?"]
[White "Znamenacek, Kvetoslav"]
[Black "Pacovsky, Jiri"]
[Result "0-1"]
[WhiteElo "2300"]
[BlackElo "2285"]

1.Nf3 d5 2.c4 c6 3.b3 Bf5 4.Bb2 Nf6 5.g3 e6 6.Bg2 Nbd7 7.O-O Bc5 8.d3 O-O
9.Nh4 Bg4 10.h3 Bh5 11.Nc3 Qc7 12.Rc1 Qxg3 13.d4 Qxh4 14.dxc5 d4 15.Na4 e5
16.b4 Rad8 17.Qe1 Ne4 18.Rd1 Bg6 19.Rd3 Ndf6 20.Rg3 Bf5 21.Bc1 Nh5 22.Rf3 Nf4
23.Bxf4 exf4 24.Qc1 Ng5 25.Rxf4 Nxh3+ 26.Bxh3 Qxh3 27.Rd1 Rfe8 28.Rdxd4 Rxd4
29.Rxd4 Be4 30.f3 Qg3+ 31.Kf1 Bf5  0-1

[Event "CZE-chT1 9596"]
[Site "CZE"]
[Date "1996.??.??"]
[Round "?"]
[White "Votruba, Pavel"]
[Black "Spal, Milan"]
[Result "1-0"]
[WhiteElo "2360"]
[BlackElo "2220"]

1.Nf3 d5 2.c4 d4 3.g3 g6 4.Bg2 Bg7 5.d3 e5 6.O-O Ne7 7.Na3 O-O 8.Nc2 a5 9.b3 c5
10.a3 Nec6 11.Bd2 Qe7 12.Rb1 Na6 13.e3 Bf5 14.e4 Bd7 15.Qe2 Qd6 16.Nh4 Rae8
17.Qe1 Qc7 18.Qe2 f5 19.f3 f4 20.g4 Bf6 21.Be1 Qd8 22.Qf2 Kg7 23.Kh1 Rh8
24.Rg1 h5 25.g5 Bxg5 26.Bf1 Bxh4 27.Qxh4 Qxh4 28.Bxh4 Nc7 29.b4 axb4 30.axb4 cxb4
31.Nxb4 Nxb4 32.Rxb4 Bc6 33.Rg5 Rhf8 34.Bh3 Kh7 35.Rb1 Na6 36.Rbg1 Rg8 37.Bf5 Kg7
38.Rxg6+  1-0

[Event "CZE-chT2c 9596"]
[Site "CZE"]
[Date "1996.??.??"]
[Round "4"]
[White "Zabystrzan, Pavel"]
[Black "Sosna, Jan"]
[Result "0-1"]
[WhiteElo "2285"]
[BlackElo "2310"]

1.Nf3 d5 2.c4 e6 3.g3 Nf6 4.Bg2 c5 5.O-O Nc6 6.d3 Be7 7.Nbd2 O-O 8.b3 d4
9.a3 e5 10.b4 cxb4 11.axb4 Bxb4 12.Ne1 Re8 13.Nc2 Bxd2 14.Qxd2 Bg4 15.Ba3 Qd7
16.Rfb1 Bh3 17.f3 Bxg2 18.Kxg2 h6 19.Nb4 Ne7 20.Nc2 Nf5 21.Qb4 b6 22.Kg1 h5
23.Qe1 Rac8 24.Bc1 Re6 25.Bd2 Ne8 26.Qf2 Rg6 27.Rb5 Rc5 28.Rb2 Ned6 29.Bb4 Rc7
30.Bxd6 Qxd6 31.Ra6 Ne7 32.Na3 Qd7 33.Nb5 Rb7 34.Qg2 Nf5 35.Qf2 Nxg3 36.hxg3 Qh3
37.g4 hxg4 38.f4 Rh6  0-1

[Event "CZE-chT2c 9596"]
[Site "CZE"]
[Date "1996.??.??"]
[Round "4"]
[White "Mudrak, Josef"]
[Black "Pastor, Karel"]
[Result "1/2-1/2"]
[WhiteElo "2315"]
[BlackElo "2260"]

1.Nf3 d5 2.c4 e6 3.b3 c5 4.g3 Nc6 5.Bg2 Nf6 6.O-O Be7 7.d3 O-O 8.Nfd2 a6
9.Bb2 b5 10.e4 Bb7 11.e5 Ne8 12.Qe2 dxc4 13.dxc4 Nd4 14.Bxd4 Bxg2 15.Kxg2 Qxd4
16.Qe4 Qxa1 17.Qxa8 Qxe5 18.Qxa6 bxc4 19.Nxc4 Qe4+ 20.Kg1 Bf6 21.Ne3 Bd4
22.Nd2 Qg6 23.Qe2 f5 24.Qd3 Qh5 25.Ng2 Nf6 26.Nf3 e5 27.Nxd4 cxd4 28.f4 Qh3
29.Ne1 Ng4 30.Qe2 e4 31.Qg2 Qh6 32.Qd2 Qh3 33.Rf2 Nxf2 34.Qxf2 d3 35.Ng2 Rc8
36.Qb6 Qh6 37.Qb5 Qd6 38.Qxf5 Qd4+ 39.Kf1 Rc1+ 40.Ne1 Rxe1+ 41.Kxe1 Qa1+
42.Kd2 e3+ 43.Kxe3 Qe1+ 44.Kd4 d2 45.Qc8+ Kf7 46.Qf5+ Ke7 47.Qc5+ Kf7 48.Qf5+ Ke8
49.Qc8+  1/2-1/2

[Event "Decin op"]
[Site "Decin"]
[Date "1996.??.??"]
[Round "1"]
[White "Jirovsky, Milos"]
[Black "Sakovich, Igor"]
[Result "1-0"]
[WhiteElo "2445"]
[BlackElo "2265"]

1.Nf3 d5 2.c4 d4 3.e3 Nc6 4.exd4 Nxd4 5.Nxd4 Qxd4 6.Nc3 e5 7.d3 Ne7 8.Be2 c6
9.O-O Nf5 10.g4 Nh4 11.Be3 Qd6 12.d4 exd4 13.Qxd4 Qxd4 14.Bxd4 f5 15.h3 Be7
16.f4 Kf7 17.Rad1 Rd8 18.Kh2 Be6 19.Kg3 Ng6 20.g5 Nf8 21.b3 Rd7 22.Bh5+ g6
23.Bf3 a6 24.Bb6 Rxd1 25.Rxd1 Nd7 26.Be3 Rc8 27.h4 b5 28.Be2 Nc5 29.h5 b4
30.Bxc5 Bxc5 31.Na4 Be7 32.Bf3 Rc7 33.Nb2 gxh5 34.Nd3 c5 35.Bxh5+ Kg7 36.Re1 Bf7
37.Bxf7 Kxf7 38.Re5 Rd7 39.Rxf5+ Kg6 40.Rd5 Rc7 41.Kg4 a5 42.f5+ Kf7 43.f6 Bf8
44.Kf5  1-0

[Event "DEN-ch"]
[Site "?"]
[Date "1996.??.??"]
[Round "8"]
[White "Andreasen, Per"]
[Black "Schandorff, Lars"]
[Result "0-1"]
[WhiteElo "2325"]
[BlackElo "2485"]

1.Nf3 d5 2.c4 c6 3.e3 Nf6 4.d4 Bf5 5.Bd3 e6 6.O-O Bg6 7.Nc3 Nbd7 8.Qe2 Ne4
9.Nd2 Nxd2 10.Bxd2 Nf6 11.cxd5 Bxd3 12.Qxd3 cxd5 13.Qb5+ Qd7 14.Rfc1 Be7
15.f3 Rd8 16.Rc2 O-O 17.Qxd7 Nxd7 18.Rac1 Nb8 19.Ne2 Nc6 20.Kf2 Bd6 21.h3 Rfe8
22.Bc3 f6 23.Rd1 Rc8 24.Rdc1 Kf7 25.Bd2 Rcd8 26.Bc3 h5 27.Rd1 g5 28.Nc1 Rg8
29.Nd3 e5 30.dxe5 fxe5 31.e4 dxe4 32.fxe4 Ke6 33.Ke3 g4 34.Rf1 gxh3 35.gxh3 Rg3+
36.Rf3 Rxf3+ 37.Kxf3 Be7 38.Ne1 Rf8+ 39.Kg2 Rf4 40.Re2 Rf8 41.Re3 Bh4 42.Nd3 Rg8+
43.Kf1 b6 44.Rf3 Rd8 45.Be1 Be7 46.Bc3 a5 47.a4 Bh4 48.Ne1 Nd4 49.Rd3 Rf8+
50.Kg2 Ne2 51.Rf3 Rg8+ 52.Kf1 Ng3+ 53.Kg2 Nxe4+ 54.Kf1 Ng3+ 55.Kg2 e4  0-1

[Event "DEN-chT 9697"]
[Site "?"]
[Date "1996.??.??"]
[Round "3"]
[White "Bang, Andreas"]
[Black "Pedersen, Daniel Vesterbaek"]
[Result "1/2-1/2"]
[WhiteElo "2280"]
[BlackElo "2330"]

1.Nf3 d5 2.c4 c6 3.d4 dxc4 4.e3 b5 5.a4 e6 6.axb5 cxb5 7.b3 Bb4+ 8.Bd2 Bxd2+
9.Nbxd2 a5 10.bxc4 b4 11.Bd3 Nf6 12.Ne5 O-O 13.f4 Bb7 14.Rg1 Nc6 15.g4 Nxe5
16.fxe5 Nd7 17.g5 Nxe5 18.Bxh7+ Kxh7 19.Qh5+ Kg8 20.dxe5 Qd3 21.Rg3 Rfd8
22.Rd1 Qg6 23.Qg4 a4 24.e4 a3 25.h4 a2 26.Ra1 Rxd2 27.Kxd2 Qxe4 28.Qxe4 Bxe4
29.Rb3 Ra4 30.Rb2  1/2-1/2

[Event "Dresden op"]
[Site "Dresden"]
[Date "1996.??.??"]
[Round "5"]
[White "Wolski, Thomas"]
[Black "Zieher, Hartmut"]
[Result "1-0"]
[WhiteElo "2345"]
[BlackElo "2195"]

1.Nf3 d5 2.c4 dxc4 3.Na3 a6 4.Nxc4 b5 5.Ne3 Bb7 6.b3 Nf6 7.Bb2 e6 8.Rc1 Nbd7
9.g3 Bd6 10.Bg2 O-O 11.Qc2 c5 12.h3 Rc8 13.O-O Nd5 14.Ng4 f5 15.Nge5 Nb4
16.Nxd7 Nxc2 17.Nxf8 Qxf8 18.Rxc2 Qe7 19.Rfc1 e5 20.Nh4 g6 21.Bxb7 Qxb7 22.Ng2 f4
23.gxf4 exf4 24.Ne1 Qe4 25.d4 c4 26.Nf3 c3 27.Rxc3 Rxc3 28.Bxc3 Qxe2 29.Ng5 h6
30.Re1 Qd3 31.Ne4 Bc7 32.Kg2 f3+ 33.Kg1 Kf7 34.a3 Bf4 35.Kh1 g5 36.Kg1 h5
37.Bb4 Qxd4 38.Bc5 Qd5 39.b4 Qf5 40.Bd6 Qxh3 41.Bxf4 Qg2+  1-0

[Event "Asia-ch"]
[Site "Dubai"]
[Date "1996.??.??"]
[Round "?"]
[White "Ilinsky, Vladimir"]
[Black "Egorov, Evgeni"]
[Result "1/2-1/2"]
[WhiteElo "2335"]
[BlackElo "2380"]

1.Nf3 d5 2.c4 dxc4 3.e3 Nf6 4.Bxc4 e6 5.O-O a6 6.a4 c5 7.d4 Nc6 8.Qe2 cxd4
9.Rd1 Be7 10.exd4 O-O 11.Nc3 Nb4 12.Bg5 Nfd5 13.Bxe7 Nxe7 14.Ne5 b6 15.Ne4 Ned5
16.Ra3 Ra7 17.Qh5 Nf4 18.Qg4 Nfd5 19.Qh5 Nf4 20.Qf3 Nfd5 21.Qh5  1/2-1/2

[Event "Asia-ch"]
[Site "Dubai"]
[Date "1996.??.??"]
[Round "?"]
[White "Adianto, Utut"]
[Black "Nawaf, Farooq"]
[Result "1-0"]
[WhiteElo "2610"]
[BlackElo "2125"]

1.Nf3 d5 2.c4 c6 3.b3 Nf6 4.Bb2 e6 5.g3 Bd6 6.Bg2 Nbd7 7.d4 O-O 8.O-O b6
9.Nbd2 Bb7 10.Qc2 c5 11.Rad1 Qe7 12.cxd5 exd5 13.Nh4 Qe6 14.Nf5 Rfe8 15.Bh3 Kh8
16.Nf3 Ne4 17.dxc5 Be5 18.Nxg7 Qxh3 19.Nxe8 Rxe8 20.c6 Bxc6 21.Nxe5 Nxe5
22.Qxc6 Re6 23.Qxd5  1-0

[Event "Eislingen team U26"]
[Site "Eislingen"]
[Date "1996.??.??"]
[Round "1"]
[White "Fischer, Roger"]
[Black "Kargoll, Boris"]
[Result "1/2-1/2"]
[WhiteElo "2160"]
[BlackElo "2245"]

1.Nf3 d5 2.c4 c6 3.cxd5 cxd5 4.d4 Nf6 5.Nc3 a6 6.Bf4 e6 7.e3 Nbd7 8.h3 b5
9.Bd3 Bb7 10.O-O Be7 11.Rc1 O-O 12.Qe2 Rc8 13.a4 b4 14.Nb1 Qa5 15.b3 Ne4
16.Qb2 h6 17.Nfd2 Nc3 18.Rc2 Nxb1 19.Nxb1 Rxc2 20.Qxc2 Rc8 21.Qb2 Nf6 22.Rc1 Qd8
23.Rxc8 Qxc8 24.Qc2 Qxc2 25.Bxc2 Kf8 26.f3  1/2-1/2

[Event "RUS-ch"]
[Site "Elista"]
[Date "1996.??.??"]
[Round "1"]
[White "Balashov, Yuri S"]
[Black "Rublevsky, Sergei"]
[Result "1/2-1/2"]
[WhiteElo "2530"]
[BlackElo "2645"]

1.Nf3 d5 2.c4 dxc4 3.e3 e6 4.Bxc4 c5 5.O-O Nf6 6.d4 a6 7.dxc5 Qxd1 8.Rxd1 Bxc5
9.Nbd2 b6 10.a3 Bb7 11.b4 Be7 12.Bb2 Nbd7 13.Rac1 O-O 14.Nd4 Rfd8 15.Be2  1/2-1/2

[Event "RUS-ch (Women)"]
[Site "Elista"]
[Date "1996.??.??"]
[Round "5"]
[White "Shumiakina, Tatiana"]
[Black "Zaitseva, Ludmila G"]
[Result "1-0"]
[WhiteElo "2350"]
[BlackElo "2325"]

1.Nf3 d5 2.c4 dxc4 3.e3 e6 4.Bxc4 c5 5.d4 Nf6 6.O-O a6 7.Qe2 b5 8.Bb3 Bb7
9.a4 c4 10.Bc2 Nc6 11.axb5 axb5 12.Rxa8 Qxa8 13.Nc3 Ba6 14.e4 Nb4 15.Bb1 Be7
16.d5 Nd7 17.dxe6 fxe6 18.Nd4 Qb8 19.Nxe6 Qe5 20.Qg4 Kf7 21.Ng5+ Bxg5 22.Bxg5 Qe6
23.Qf4+ Kg8 24.Nd5 Nxd5 25.exd5 Qxd5 26.Re1 Nf8 27.Be4 Qd7 28.Bf5 Qf7 29.Re7 Qd5
30.Be6+ Qxe6 31.Rxe6 Nxe6 32.Qb8+  1-0

[Event "RUS-ch (Women)"]
[Site "Elista"]
[Date "1996.??.??"]
[Round "6"]
[White "Demina, Julia"]
[Black "Sirotkina, Nina"]
[Result "1/2-1/2"]
[WhiteElo "2355"]
[BlackElo "2245"]

1.Nf3 d5 2.c4 dxc4 3.e4 c5 4.Bxc4 Nc6 5.Nc3 e6 6.O-O a6 7.a4 Nf6 8.Re1 Be7
9.e5 Nd7 10.d3 b6 11.Qd2 Bb7 12.Qf4 Nf8 13.Qg3 Ng6 14.Bg5 Nd4 15.Bxe7 Nxf3+
16.Qxf3  1/2-1/2

[Event "FIN-chT 9697"]
[Site "FIN"]
[Date "1996.??.??"]
[Round "1.2"]
[White "Salo, Tapio"]
[Black "Tella, Jussi"]
[Result "1/2-1/2"]
[WhiteElo "2310"]
[BlackElo "2310"]

1.Nf3 d5 2.c4 e6 3.d4 c6 4.Qc2 Nf6 5.cxd5 exd5 6.Nc3 Be7 7.Bg5 Nbd7 8.e3 O-O
9.Bd3 Re8 10.O-O Nf8 11.h3 Ng6 12.Bxf6 Bxf6 13.b4 a6 14.a4 Be7 15.b5 axb5
16.axb5 Rxa1 17.Rxa1 Bd6 18.bxc6 bxc6 19.Bf5 Be6 20.Ne2 Qc8  1/2-1/2

[Event "FIN-chT 9596"]
[Site "FIN"]
[Date "1996.??.??"]
[Round "3"]
[White "Kiltti, Jyrki"]
[Black "Raisa, Unto"]
[Result "1/2-1/2"]
[WhiteElo "2235"]
[BlackElo "2215"]

1.Nf3 d5 2.c4 e6 3.g3 Nf6 4.Bg2 Be7 5.O-O O-O 6.b3 c5 7.Bb2 Nc6 8.cxd5 Nxd5
9.Nc3 Bf6 10.Rc1 Rb8 11.Qc2 Nxc3 12.Bxc3 e5 13.Bb2  1/2-1/2

[Event "FRA-ch"]
[Site "France"]
[Date "1996.??.??"]
[Round "5"]
[White "Anic, Darko"]
[Black "Marciano, David"]
[Result "1/2-1/2"]
[WhiteElo "2455"]
[BlackElo "2480"]

1.Nf3 d5 2.c4 e6 3.g3 dxc4 4.Qa4+ Nd7 5.Bg2 a6 6.Qxc4 b5 7.Qc6 Rb8 8.Qc2 Bb7
9.O-O c5 10.a4 Ngf6 11.axb5 axb5 12.d3 Bd6 13.Nc3 Qb6 14.h3 O-O 15.Be3 Ne5
16.Rfc1 Nxf3+ 17.exf3 Rfc8 18.Ne4 Nxe4 19.fxe4 Be5 20.Bxc5 Bxb2 21.Qxb2 Rxc5
22.Rxc5 Qxc5 23.d4 Qd6 24.Rb1 Ba8 25.e5  1/2-1/2

[Event "Frydek-Mistek op"]
[Site "Frydek-Mistek"]
[Date "1996.??.??"]
[Round "1"]
[White "Ivanov, Vladimir A"]
[Black "Dovzik, Juri"]
[Result "1/2-1/2"]
[WhiteElo "2460"]
[BlackElo "2400"]

1.Nf3 d5 2.c4 c6 3.e3 Nf6 4.Nc3 a6 5.d4 b5 6.cxd5 cxd5 7.Ne5 e6 8.Bd3 Nbd7
9.f4 Bb7 10.O-O Be7 11.Bd2 Ne4 12.Nxe4 dxe4 13.Be2 O-O 14.Nxd7 Qxd7 15.Ba5 Rfc8
16.Qd2 Bd5 17.a3 Bc4 18.Rfc1 Bxe2 19.Qxe2 Rxc1+ 20.Rxc1  1/2-1/2

[Event "Frydek-Mistek op"]
[Site "Frydek-Mistek"]
[Date "1996.??.??"]
[Round "9"]
[White "Buturin, Vladimir"]
[Black "Ulak, Slawomir"]
[Result "1/2-1/2"]
[WhiteElo "2445"]
[BlackElo "2255"]

1.Nf3 d5 2.c4 c6 3.d4 Nf6 4.Nc3 dxc4 5.a4 Bf5 6.Nh4 Bc8 7.Nf3 Bf5 8.e3 e6
9.Bxc4 Bb4 10.O-O Nbd7 11.Nh4 Bg6 12.g3 a5 13.Qb3 Qb6 14.Bd2 Bh5 15.f3 c5
16.dxc5 Nxc5 17.Qd1 Bg6 18.Qe2 O-O 19.Nxg6 hxg6 20.Be1 Nfd7 21.Bf2 Ne5 22.Bb5 Rfd8
23.Rad1 Ncd7 24.f4 Nc6 25.Ne4 Nf6 26.Nxf6+  1/2-1/2

[Event "Geneve op"]
[Site "Geneve"]
[Date "1996.??.??"]
[Round "1"]
[White "Gurevich, Dmitry"]
[Black "Chenaux, Patrick"]
[Result "1-0"]
[WhiteElo "2535"]
[BlackElo "2245"]

1.Nf3 d5 2.c4 c6 3.e3 e6 4.Nc3 Nd7 5.Qc2 Ngf6 6.d4 Bd6 7.Bd3 O-O 8.O-O dxc4
9.Bxc4 e5 10.Rd1 Qe7 11.h3 e4 12.Ng5 Nb6 13.Bb3 Bf5 14.f3 Rae8 15.Rf1 Bg6
16.Ngxe4 Nxe4 17.fxe4 Qh4 18.Qf2 Bg3 19.Qf3 Bh5 20.Qf5 Bg6 21.Qa5 Rxe4 22.Nxe4 Bxe4
23.Qd2 Nd5 24.Bc2 Nf6 25.Bxe4 Nxe4 26.Qe2 f5 27.Bd2 Qd8 28.Qc4+ Kh8 29.Bb4 Rf6
30.Rad1 Qb8 31.Rf3 Ng5 32.Rdf1 Nxf3+ 33.Rxf3 Bh2+ 34.Kh1 Bd6 35.Bc3 Qf8 36.d5 cxd5
37.Qxd5 Rf7 38.e4 Qe7 39.e5 Bc5 40.e6 Rf8 41.Rg3 Rg8 42.Qxf5 Qd6 43.Rd3 Rf8
44.Rxd6 Rxf5 45.Rd7  1-0

[Event "Geneve op"]
[Site "Geneve"]
[Date "1996.??.??"]
[Round "3"]
[White "Gurevich, Dmitry"]
[Black "Masserey, Yvan"]
[Result "1-0"]
[WhiteElo "2535"]
[BlackElo "2290"]

1.Nf3 d5 2.c4 d4 3.g3 g6 4.Bg2 Bg7 5.O-O e5 6.d3 Ne7 7.b4 O-O 8.Nbd2 a5 9.b5 c5
10.bxc6 Nexc6 11.Ba3 Re8 12.c5 Bf8 13.Ne4 Na6 14.Nfd2 Ncb4 15.Qc1 Bg4 16.Qd1 Rb8
17.Nd6 Bxd6 18.cxd6 Qxd6 19.Ne4 Qd8 20.Qd2 Be6 21.Qh6 f5 22.Ng5 Qd7 23.Nxe6 Qxe6
24.Bxb4 Nxb4 25.Rfc1 e4 26.Rc4 Rbc8 27.Rxc8 Qxc8 28.Rc1 Qd7 29.dxe4 fxe4
30.Qd2 Qd6 31.a3 Nc6 32.Qc2 Qd5 33.Rb1 Re7 34.Rb6 d3 35.exd3 Qxd3 36.Qa2+ Kf8
37.Qb2 Qd1+ 38.Bf1 Nd4 39.Rf6+ Ke8 40.Kg2 Nc6 41.Bb5 Rf7 42.Qe5+ Kf8 43.Rxf7+ Kxf7
44.Bc4+ Kf8 45.Qh8+ Ke7 46.Qxh7+ Kd8 47.Qh4+ Kc7 48.Qxe4 Qa4 49.Qf4+ Kb6
50.Qe3+ Kc7 51.Bf7 g5 52.Qxg5 Qxa3 53.h4 Qd3 54.Qf4+ Kd7 55.h5 b5 56.Qg4+ Kc7
57.Qf4+ Kd7 58.h6 b4 59.Bc4 Qc3 60.h7 b3 61.Bxb3  1-0

[Event "Oberliga Sued W9697"]
[Site "GER"]
[Date "1996.??.??"]
[Round "?"]
[White "Shpilker, Boris"]
[Black "Behling, Robert"]
[Result "1/2-1/2"]
[WhiteElo "2360"]
[BlackElo "2280"]

1.Nf3 d5 2.c4 e6 3.b3 Be7 4.Bb2 Bf6 5.Nc3 Ne7 6.g3 O-O 7.Bg2 dxc4 8.bxc4 c5
9.O-O Nbc6 10.Rb1 b6 11.d3 Bb7 12.Nd2 Nf5 13.Nde4 Be7 14.Ba1 Qd7 15.Qc1 Rab8
16.Qb2 f6 17.Rbd1 Rfd8 18.e3 Qe8 19.Qe2 Kh8 20.f4 Qg6 21.Bh3 Bc8 22.Rd2 Nd6
23.Bg2 Qe8 24.Nf2 Na5 25.Ncd1 Bb7 26.Bh3 Qc6 27.Bc3 Ne8 28.e4 Nc7 29.Ne3 Qd6
30.e5 Qc6 31.f5 fxe5 32.Bxe5 Bd6 33.Bc3 exf5 34.Bxf5 Qe8 35.Ne4 Be5 36.Bxe5 Qxe5
37.Rf4 g6 38.Bh3 Rf8 39.Qf2 Rxf4 40.gxf4 Qd4 41.Nc2 Qxf2+ 42.Kxf2 Rd8 43.Ng5 Kg7
44.Re2 Re8 45.Rxe8 Nxe8 46.f5 gxf5 47.Bxf5 Kf6 48.Bd7 Kxg5 49.Bxe8 Kf4 50.Bf7 Bh1
51.Ne3 Nc6 52.Bd5 Bxd5 53.Nxd5+ Ke5 54.Ke3 Nb4 55.Nxb4 cxb4 56.d4+ Kf5 57.Kd3 Ke6
58.Kc2 a5 59.Kb3 Kd6 60.h4 h5  1/2-1/2

[Event "BL2-N9596"]
[Site "Germany"]
[Date "1996.??.??"]
[Round "?"]
[White "Kleeschaetzky, Ralf"]
[Black "Mach, Holger"]
[Result "1/2-1/2"]
[WhiteElo "2295"]
[BlackElo "2295"]

1.Nf3 d5 2.c4 e6 3.g3 Nf6 4.Bg2 Be7 5.O-O O-O 6.b3 b6 7.Bb2 Bb7 8.cxd5 exd5
9.d4 Nbd7 10.Nc3 Ne4 11.Rc1 Nxc3 12.Rxc3 Bd6 13.Qd3 a5 14.Rc2 Re8 15.Rfc1 a4
16.Ne5 axb3 17.axb3 Qe7 18.Qb5 Bxe5 19.dxe5 Ra5 20.Qd3 Nc5 21.Qe3 Rb5 22.Ba3 Qxe5
23.Bxc5 bxc5 24.Qxe5 Rxe5 25.Rxc5 Rxc5 26.Rxc5 Rxe2 27.Rxc7 Re1+ 28.Bf1 Ba6
29.Ra7 Rxf1+ 30.Kg2 Kf8 31.Rxa6  1/2-1/2

[Event "Oberliga Nord N9596"]
[Site "Germany"]
[Date "1996.??.??"]
[Round "?"]
[White "Hess, Christian"]
[Black "Paust, Wolf Dieter"]
[Result "1-0"]
[WhiteElo "2260"]
[BlackElo "2100"]

1.Nf3 d5 2.c4 d4 3.g3 Nc6 4.Bg2 g6 5.O-O Bg7 6.d3 Bd7 7.Na3 Nf6 8.Nc2 e5
9.b4 e4 10.Nfxd4 Ne5 11.Bf4 Qe7 12.Ne3 Neg4 13.Nxg4 Nxg4 14.Nc2 g5 15.Bd2 exd3
16.exd3 O-O-O 17.Qf3 c6 18.Rae1 Ne5 19.Qh5 Bf6 20.f4 Bg4 21.Bh3 Bxh3 22.Qxh3+ g4
23.Qh5 Qd7 24.fxe5 Qxd3 25.Qxg4+ Rd7 26.exf6 h5 27.Qf5  1-0

[Event "BL2-S9596"]
[Site "Germany"]
[Date "1996.??.??"]
[Round "?"]
[White "Grathwohl, Roland"]
[Black "Huber, Armin"]
[Result "1/2-1/2"]
[WhiteElo "2285"]
[BlackElo "2325"]

1.Nf3 d5 2.c4 e6 3.d4 c6 4.e3 Nf6 5.Bd3 Nbd7 6.Nbd2 Bd6 7.O-O O-O 8.e4 dxe4
9.Nxe4 Nxe4 10.Bxe4 c5 11.Bc2 cxd4 12.Qd3 f5 13.Qxd4 Qc7 14.Rd1 Bc5 15.Qh4 e5
16.b3 Nf6 17.Bb2 Ng4 18.Rd2 Be7 19.Qh3 e4 20.Nd4 Bd7 21.Nb5 Bxb5 22.cxb5 Rad8
23.Re2 Bc5 24.Rf1 Qb6 25.Qc3 Bd4 26.Qc4+ Kh8 27.Ba3 Rfe8 28.h3 Rc8 29.Qf7 Nh6
30.Qh5 Qxb5 31.Rxe4 Be5 32.Rc4 Rxc4 33.bxc4 Qc6 34.Bxf5 Nxf5 35.Qxf5 Qxc4
36.Re1 Qc3 37.Bb4 Qxb4 38.Rxe5 Rf8 39.Qe4 Qb6 40.Rf5 Rd8  1/2-1/2

[Event "BL2-S9596"]
[Site "Germany"]
[Date "1996.??.??"]
[Round "?"]
[White "Kabatianski, Alexandr"]
[Black "Gerstner, Wolfgang"]
[Result "1/2-1/2"]
[WhiteElo "2445"]
[BlackElo "2385"]

1.Nf3 d5 2.c4 c6 3.d4 Nf6 4.Qc2 g6 5.Bf4 dxc4 6.Qxc4 Bg7 7.e3 O-O 8.Nbd2 Bf5
9.Be2 Nbd7 10.O-O Ne4 11.Nb3 Qb6 12.Bd3 Nd6 13.Qc2 Bxd3 14.Qxd3 Rad8 15.Rac1 Rfe8
16.Rfd1 e5 17.Nxe5 Nxe5 18.dxe5 Bxe5 19.Bxe5 Rxe5 20.Qc2 Ne4 21.Rxd8+ Qxd8
22.f3  1/2-1/2

[Event "BL2-W9596"]
[Site "Germany"]
[Date "1996.??.??"]
[Round "?"]
[White "Dietzel, Jan"]
[Black "Heinbuch, Detlef"]
[Result "0-1"]
[WhiteElo "2280"]
[BlackElo "2350"]

1.Nf3 d5 2.c4 dxc4 3.Na3 c5 4.Nxc4 g6 5.g3 Bg7 6.Bg2 Nc6 7.O-O Nf6 8.d3 O-O
9.Bd2 Nd5 10.Rc1 b6 11.Qb3 Rb8 12.Rfd1 Be6 13.e4 Nc7 14.a4 Bg4 15.Re1 Ne6
16.Be3 Bxf3 17.Bxf3 Ncd4 18.Bxd4 Nxd4 19.Qd1 Qd7 20.Bg2 Rfd8 21.Rb1 Nc6 22.e5 Nb4
23.e6 Qxd3 24.exf7+ Kxf7 25.Qg4 Qf5 26.Qh4 Kg8 27.Qxe7 Rf8 28.Qe6+ Qxe6 29.Rxe6 Bd4
30.Ne3 Rbe8 31.Rxe8 Rxe8 32.Nd5 Re2 33.Nxb4 cxb4 34.b3 Rxf2 35.Kh1 Rd2 36.Bd5+ Kg7
37.Bc4 h5 38.Re1 Bc5 39.Rf1 a5 40.Re1 g5 41.Rf1 g4 42.Be6 Kg6 43.Bc8 Re2
44.Ba6 Rb2 45.Bd3+ Kg7 46.Bc4 Kh6 47.Rd1 Kg5 48.Rd5+ Kf6 49.h3 h4 50.gxh4 g3
51.Rg5 Rh2+  0-1

[Event "BL2-W9596"]
[Site "Germany"]
[Date "1996.??.??"]
[Round "?"]
[White "Martinovic, Slobodan"]
[Black "Haba, Petr"]
[Result "1/2-1/2"]
[WhiteElo "2460"]
[BlackElo "2455"]

1.Nf3 d5 2.c4 c6 3.Qa4 e6 4.g3 Nf6 5.Bg2 Be7 6.d4 O-O 7.O-O b5 8.cxb5 cxb5
9.Qb3 Ba6 10.Bg5 Nc6 11.Rc1 Qb6 12.e3 Rfc8 13.Qd1 h6 14.Bxf6 Bxf6 15.Nc3 Bb7
16.a4 b4 17.Ne2 Na5 18.Nf4 Rxc1 19.Rxc1 Rc8 20.Rxc8+ Bxc8 21.Nd3  1/2-1/2

[Event "BL2-W9596"]
[Site "Germany"]
[Date "1996.??.??"]
[Round "?"]
[White "Telljohann, Sven"]
[Black "Hogenacker, Jacques"]
[Result "1/2-1/2"]
[WhiteElo "2425"]
[BlackElo "2295"]

1.Nf3 d5 2.c4 dxc4 3.Qa4+ Nd7 4.Qxc4 e5 5.Nc3 c6 6.d4 exd4 7.Qxd4 Ngf6 8.Bg5 h6
9.Bh4 Bc5 10.Qc4 Qb6 11.Rb1 Qb4 12.e3 Nd5 13.Qe4+ Qxe4 14.Nxe4 Bb4+ 15.Ned2 N7b6
16.a3 Be7 17.Bxe7 Kxe7 18.Bd3 Rd8 19.Ke2 Be6 20.Rhc1 Rac8 21.Ne4 Bf5 22.Nc5 Bxd3+
23.Nxd3 Na4 24.e4 Nf6 25.b3 Nb6 26.Nd2 Rc7 27.Rb2 Nbd7 28.Rbc2 Nf8 29.f3 Ne6
30.Ke3 Nd4 31.Rb2 Ne6 32.b4 g5 33.Nb3 Nh5 34.g3 Nhg7 35.g4 f6 36.Rc3 Nf8
37.Rbc2 Ng6 38.b5 Ne5 39.Nb4 Ne6 40.bxc6 bxc6 41.Na5 Nd4 42.Naxc6+ Nexc6
43.Nxc6+ Rxc6 44.Rxc6 Nxc2+ 45.Rxc2 Rd7 46.Rc6 Rb7 47.Ra6 Rb3+ 48.Kf2 Rb7
49.e5 Rb2+ 50.Kg3 fxe5 51.Rxa7+ Kf6 52.Ra6+ Kg7 53.a4 Ra2 54.h4 Kh7 55.Ra7+ Kg8
56.hxg5 hxg5 57.Re7 Re2 58.a5 Kf8 59.Rb7 Ra2 60.Rb5 Kf7 61.Rxe5 Kf6 62.Rb5 Kg6
63.Rb6+ Kg7 64.a6 Kh7 65.Rb7+ Kg6 66.Ra7 Kh6 67.Ra8 Kg7 68.Ra7+  1/2-1/2

[Event "BL2-O9697"]
[Site "Germany"]
[Date "1996.??.??"]
[Round "?.7"]
[White "Orlowski, Juergen"]
[Black "Hirn, Oskar"]
[Result "0-1"]
[WhiteElo "2210"]
[BlackElo "2175"]

1.Nf3 d5 2.c4 c6 3.e3 Nf6 4.Nc3 e6 5.b3 Bd6 6.Bb2 O-O 7.Qc2 Nbd7 8.h3 a6
9.g4 e5 10.g5 d4 11.exd4 exd4 12.Nxd4 Re8+ 13.Be2 Nh5 14.O-O-O Nf4 15.Rde1 Nc5
16.Nf5 Rxe2 17.Nxd6 Ncd3+ 18.Kb1 Nxe1 19.Qd1 Qxd6  0-1

[Event "BL2-O9697"]
[Site "Germany"]
[Date "1996.??.??"]
[Round "?.8"]
[White "Orlowski, Juergen"]
[Black "Rausch, Stephan"]
[Result "0-1"]
[WhiteElo "2210"]
[BlackElo "2310"]

1.Nf3 d5 2.c4 e6 3.d4 c6 4.Qc2 Nf6 5.g3 dxc4 6.Qxc4 b5 7.Qd3 a5 8.Bg2 Qb6
9.Bg5 Nbd7 10.O-O Ba6 11.Nbd2 c5 12.Ne5 c4 13.Qc2 Rc8 14.Ne4 Nxe5 15.Bxf6 Nc6
16.Bxg7 Nb4 17.Nf6+ Kd8 18.Qd2 Bxg7 19.Qg5 Bxf6 20.Qxf6+ Kc7 21.Qxf7+ Kb8
22.a3 Rcf8 23.Qg7 Nd5 24.e4 Nf6 25.Rfd1 Bb7 26.e5 Bxg2 27.Kxg2 Nd5  0-1

[Event "Landesliga Sued 9697 Bayern"]
[Site "Germany"]
[Date "1996.??.??"]
[Round "?"]
[White "Schneider, Michael"]
[Black "Herb, Stefan"]
[Result "1-0"]
[WhiteElo "2200"]
[BlackElo "2120"]

1.Nf3 d5 2.c4 c6 3.d4 Nf6 4.Nc3 dxc4 5.Ne5 a6 6.a4 Bf5 7.f3 e6 8.e4 Bg6 9.Nxc4 Bb4
10.a5 Nbd7 11.Qb3 Qe7 12.Be2 c5 13.Ra4 Nxe4 14.fxe4 Qh4+ 15.g3 Qh3 16.Rxb4 Qg2
17.Rf1 cxd4 18.Nd6+ Ke7 19.Rxd4  1-0

[Event "Landesliga S9596 Bayern"]
[Site "Germany"]
[Date "1996.??.??"]
[Round "?"]
[White "Schneider, Richard"]
[Black "Geberl, Hans Walter"]
[Result "1-0"]
[WhiteElo "2215"]
[BlackElo "2170"]

1.Nf3 d5 2.c4 c6 3.d4 Nf6 4.Qc2 g6 5.Bg5 Ne4 6.Bh4 Bg7 7.e3 O-O 8.Nc3 Bf5
9.Qb3 Nxc3 10.bxc3 dxc4 11.Qxb7 Nd7 12.Bxc4 Rb8 13.Qxc6 Rc8 14.Qa6 Qc7 15.Nd2 Nb6
16.Bd3 Qxc3 17.Ke2 Bxd3+ 18.Qxd3 e5 19.dxe5 Qxe5 20.Rac1 Qa5 21.Qb3 Nd5 22.g4 Nc3+
23.Kf3 Rb8 24.Qc4 Nxa2 25.Rc2 Nb4 26.Rcc1 Qb6 27.Ne4 Kh8 28.Bg3 f5 29.Ng5 Qb7+
30.Ke2 fxg4 31.Bxb8 h6 32.h4 g3 33.Bxg3 a5 34.Qe4 Qb5+ 35.Qc4 Qf5 36.Qe6 Qd3+
37.Ke1 Bc3+ 38.Rxc3 Qxc3+ 39.Kf1 Nd3 40.Kg2 hxg5 41.h5 Ne1+ 42.Rxe1  1-0